<?xml version="1.0" encoding="UTF-8"?>
<record
    xmlns:xsi="http://www.w3.org/2001/XMLSchema-instance"
    xsi:schemaLocation="http://www.loc.gov/MARC21/slim http://www.loc.gov/standards/marcxml/schema/MARC21slim.xsd"
    xmlns="http://www.loc.gov/MARC21/slim">

  <leader>00378nam a22001697a 4500</leader>
  <controlfield tag="003">SGT</controlfield>
  <datafield tag="020" ind1=" " ind2=" ">
    <subfield code="a">978-93-5270-005-9</subfield>
  </datafield>
  <datafield tag="082" ind1=" " ind2=" ">
    <subfield code="a">615</subfield>
    <subfield code="b">R17G</subfield>
  </datafield>
  <datafield tag="100" ind1=" " ind2=" ">
    <subfield code="a">GARG, GOBIND RAI</subfield>
  </datafield>
  <datafield tag="245" ind1=" " ind2=" ">
    <subfield code="a">REVIEW OF PHARMACOLOGY</subfield>
  </datafield>
  <datafield tag="250" ind1=" " ind2=" ">
    <subfield code="a">11TH</subfield>
  </datafield>
  <datafield tag="260" ind1=" " ind2=" ">
    <subfield code="a">NEW DELHI</subfield>
    <subfield code="b">THE HEALTH SCIENCE</subfield>
    <subfield code="c">2017</subfield>
  </datafield>
  <datafield tag="300" ind1=" " ind2=" ">
    <subfield code="a">621</subfield>
  </datafield>
  <datafield tag="650" ind1=" " ind2=" ">
    <subfield code="a">PHARMACY</subfield>
  </datafield>
  <datafield tag="653" ind1=" " ind2=" ">
    <subfield code="a">PHARMACOLOGY</subfield>
  </datafield>
  <datafield tag="942" ind1=" " ind2=" ">
    <subfield code="2">ddc</subfield>
    <subfield code="c">BK</subfield>
    <subfield code="0">26</subfield>
  </datafield>
  <datafield tag="952" ind1=" " ind2=" ">
    <subfield code="0">0</subfield>
    <subfield code="1">0</subfield>
    <subfield code="2">ddc</subfield>
    <subfield code="4">0</subfield>
    <subfield code="7">0</subfield>
    <subfield code="8">FP</subfield>
    <subfield code="a">APL</subfield>
    <subfield code="b">APL</subfield>
    <subfield code="c">TXT</subfield>
    <subfield code="d">2017-09-28</subfield>
    <subfield code="e">AHUJA PUB</subfield>
    <subfield code="g">795.00</subfield>
    <subfield code="i">SGTU</subfield>
    <subfield code="l">13</subfield>
    <subfield code="m">1</subfield>
    <subfield code="o">615 R17G</subfield>
    <subfield code="p">FP2551</subfield>
    <subfield code="r">2026-04-03 00:00:00</subfield>
    <subfield code="s">2026-04-03</subfield>
    <subfield code="w">2017-09-16</subfield>
    <subfield code="y">BK</subfield>
    <subfield code="k">8796</subfield>
  </datafield>
  <datafield tag="952" ind1=" " ind2=" ">
    <subfield code="0">0</subfield>
    <subfield code="1">0</subfield>
    <subfield code="2">ddc</subfield>
    <subfield code="4">0</subfield>
    <subfield code="7">0</subfield>
    <subfield code="8">FP</subfield>
    <subfield code="a">APL</subfield>
    <subfield code="b">APL</subfield>
    <subfield code="c">TXT</subfield>
    <subfield code="d">2017-09-28</subfield>
    <subfield code="e">AHUJA PUB</subfield>
    <subfield code="g">795.00</subfield>
    <subfield code="i">SGTU</subfield>
    <subfield code="l">13</subfield>
    <subfield code="o">615 R17G</subfield>
    <subfield code="p">FP2552</subfield>
    <subfield code="r">2026-03-31 00:00:00</subfield>
    <subfield code="s">2026-03-31</subfield>
    <subfield code="w">2017-09-16</subfield>
    <subfield code="y">BK</subfield>
    <subfield code="k">8796</subfield>
  </datafield>
  <datafield tag="952" ind1=" " ind2=" ">
    <subfield code="0">0</subfield>
    <subfield code="1">0</subfield>
    <subfield code="2">ddc</subfield>
    <subfield code="4">0</subfield>
    <subfield code="7">0</subfield>
    <subfield code="8">FP</subfield>
    <subfield code="a">APL</subfield>
    <subfield code="b">APL</subfield>
    <subfield code="c">TXT</subfield>
    <subfield code="d">2017-09-28</subfield>
    <subfield code="e">AHUJA PUB</subfield>
    <subfield code="g">795.00</subfield>
    <subfield code="i">SGTU</subfield>
    <subfield code="l">13</subfield>
    <subfield code="o">615 R17G</subfield>
    <subfield code="p">FP2553</subfield>
    <subfield code="r">2024-01-08 00:00:00</subfield>
    <subfield code="s">2023-09-29</subfield>
    <subfield code="w">2017-09-16</subfield>
    <subfield code="y">BK</subfield>
    <subfield code="k">8796</subfield>
  </datafield>
  <datafield tag="952" ind1=" " ind2=" ">
    <subfield code="0">0</subfield>
    <subfield code="1">0</subfield>
    <subfield code="2">ddc</subfield>
    <subfield code="4">0</subfield>
    <subfield code="7">0</subfield>
    <subfield code="8">FP</subfield>
    <subfield code="a">APL</subfield>
    <subfield code="b">APL</subfield>
    <subfield code="c">TXT</subfield>
    <subfield code="d">2017-09-28</subfield>
    <subfield code="e">AHUJA PUB</subfield>
    <subfield code="g">795.00</subfield>
    <subfield code="i">SGTU</subfield>
    <subfield code="l">0</subfield>
    <subfield code="o">615 R17G</subfield>
    <subfield code="p">FP2554</subfield>
    <subfield code="r">2017-09-28 00:00:00</subfield>
    <subfield code="w">2017-09-16</subfield>
    <subfield code="y">BK</subfield>
    <subfield code="k">8796</subfield>
  </datafield>
  <datafield tag="952" ind1=" " ind2=" ">
    <subfield code="0">0</subfield>
    <subfield code="1">0</subfield>
    <subfield code="2">ddc</subfield>
    <subfield code="4">0</subfield>
    <subfield code="7">0</subfield>
    <subfield code="8">FP</subfield>
    <subfield code="a">APL</subfield>
    <subfield code="b">APL</subfield>
    <subfield code="c">TXT</subfield>
    <subfield code="d">2017-09-28</subfield>
    <subfield code="e">AHUJA PUB</subfield>
    <subfield code="g">795.00</subfield>
    <subfield code="i">SGTU</subfield>
    <subfield code="l">13</subfield>
    <subfield code="o">615 R17G</subfield>
    <subfield code="p">FP2555</subfield>
    <subfield code="r">2023-12-01 00:00:00</subfield>
    <subfield code="s">2023-11-24</subfield>
    <subfield code="w">2017-09-16</subfield>
    <subfield code="y">BK</subfield>
    <subfield code="k">8796</subfield>
  </datafield>
  <datafield tag="999" ind1=" " ind2=" ">
    <subfield code="c">13627</subfield>
    <subfield code="d">13627</subfield>
  </datafield>
</record>
